| 000 | 00658nam a22002053a 4500 | ||
|---|---|---|---|
| 005 | 20210223124608.0 | ||
| 008 | 010531m19972006mx r 000 0 spa d | ||
| 020 | _a9681654331 | ||
| 035 | _aUPN01000116889 | ||
| 049 | _aI | ||
| 050 | 4 |
_aPZ7 _bH5.78 |
|
| 100 | 1 |
_aHilton, Nette, _d1946- _931629 |
|
| 245 | 1 | 3 |
_aLa telaraña / _cNette Hilton ; il. Martha Avilés ; tr. Cecilia Olivares Mansury. |
| 260 |
_aMéxico : _bFCE, _c1997 (2006 impr.). |
||
| 300 |
_a69 p. : _bil. |
||
| 440 | 0 |
_aA la orilla del viento. _pPara los que leen bien ; _v94 |
|
| 534 |
_pTítulo original: _tThe webb |
||
| 650 | 4 |
_aCUENTOS INFANTILES AUSTRALIANOS _912928 |
|
| 905 | _aInfantil | ||
| 999 |
_c89531 _d89531 |
||